000 00400nam a2200157Ia 4500
008 230711s9999||||xx |||||||||||||| ||und||
041 _aENG
082 _a4
_bGR-C
100 _aGroover,Mikell P
245 0 _aCAD/CAM computer aided
250 _a1st . Ed.
260 _c1996
_aNew Delhi
_bPHI Learning Private Limited
650 _aMechanical Engineering
700 _aZimmers,Emory.W
942 _cBK
999 _c3848
_d3848